LIBRARY & INFORMATION CENTRE, KCAET, TAVANUR

ONLINE PUBLIC ACCESS CATALOGUE (OPAC)

manufacturing processes and systems / (Record no. 13194)

MARC details
000 -LEADER
fixed length control field 00436cam a2200169ua 4500
041 ## - LANGUAGE CODE
Language code of text/sound track or separate title eng
082 ## - DEWEY DECIMAL CLASSIFICATION NUMBER
Classification number 670
Item number OST/MA
100 ## - MAIN ENTRY--AUTHOR NAME
Personal name Ostwald , Philip F .
245 ## - TITLE STATEMENT
Title manufacturing processes and systems /
250 ## - EDITION STATEMENT
Edition statement 9 /
260 ## - PUBLICATION, DISTRIBUTION, ETC. (IMPRINT)
Place of publication New York :
Name of publisher John Wiley & Sons ,
Year of publication 2005.
300 ## - PHYSICAL DESCRIPTION
Number of Pages 782 ; .
700 1# - ADDED ENTRY--PERSONAL NAME
Personal name Munoz, Jairo .
942 ## - ADDED ENTRY ELEMENTS (KOHA)
Koha item type Books
Holdings
Withdrawn status Lost status Damaged status Home library Current library Date acquired Full call number Accession Number Koha item type
      KAUAET KAUAET 07/04/2012 670 21570 Books
free website counter